Paroles - Je t'aime - Lara Fabian - Statistiques

Statistiques générales
  • Ce quiz a été pris 430 fois
  • Le résultat moyen est 195 sur 244
Statistiques - réponses
Réponse % Correct
Je
99%
je
99%
de
98%
De
98%
t'ai
98%
un
97%
une
97%
comme
96%
Comme
96%
fou
95%
t'aime
95%
cinéma
94%
star
94%
pas
89%
que
89%
soldat
89%
me
87%
à
86%
À
86%
ne
86%
suis
86%
roi
84%
Tu
84%
ça
83%
vois
81%
homme
79%
il
78%
qui
78%
la
77%
se
77%
ce
76%
le
74%
Dans
70%
loup
70%
nous
70%
en
69%
Les
69%
te
69%
D'accord
68%
quitter
68%
D'autres
67%
moi
67%
existait
66%
façons
66%
65%
crier
64%
peut
64%
pu
64%
qu'on
64%
fille
63%
vais
63%
verre
63%
J'ai
62%
petite
62%
éclats
61%
faire
60%
Quelques
60%
aider
59%
Auraient
59%
peut-être
59%
trop
59%
amer
57%
s'aimer
57%
mes
56%
silence
56%
souvent
56%
partager
55%
erreurs
54%
est
54%
pardonner
54%
mère
53%
Tous
53%
tous
53%
décidé
52%
mots
52%
bordais
51%
protégeais
51%
réclamait
51%
sang
49%
volé
48%
bout
47%
secrets
47%
cette
46%
rêves
45%
corps
44%
Presque
44%
guerre
43%
confié
42%
regardait
42%
tant
42%
ceux
41%
danser
41%
dont
41%
faisaient
41%
frère
41%
gardien
41%
inavoué
41%
Même
41%
paix
41%
Satan
40%
seul
39%
sourires
39%
voulu
39%
maison
38%
pierre
36%
n'aurait
34%
Aucun quiz correspondant
Distribution des résultats
% des personnes avec chaque résultat
Percentile par nombre de réponses
Votre historique - résultats
Vous n’avez pas pris ce quiz